zpět

Detail výsledku týmu

Srdcovka Monika, Chomutov

Datum a čas kvízu

26.5 Celkem bodů Celkový počet nahraných bodů na tomto kvízu bez doplňovacích otázek.
4. Pořadí na kvízu Konečné umístění týmu na tomto kvízu.

Zaznamenané odpovědi

# Otázka Odpověď Body Výsledky
1. Ve čtvrtek jsme se dozvěděli,... Rohlík.cz 1
2. Vláda jedné země chystá poměrn... Austrálie 0
3. Který bývalý člen kanceláře pr... Jiří Ovčáček 1
4. Minulý týden jsme se dozvěděli... 5 000 Kčs 0
5. V úterý byly zveřejněny podrob... Tadej Pogačar, Spojené arabské emiráty 0
6. Robin Hood je britsko-americký... Ridley Scott, Russel Crowe 0.5
7. Přiřaďte následující herce k p... 1D 2A 3C 4B 0
8. Německý film režiséra Edwarda... Na západní frontě klid, Erich Maria Remarque 1
9. Protektor je film režiséra Mar... Jana Plodková, Marek Daniel 0
10. Napište název filmu, z něhož p... Apokalypsa/Apocalypse Now 0